LEADER 01195nam--2200385---450- 001 990002354460203316 005 20050113090357.0 035 $a000235446 035 $aUSA01000235446 035 $a(ALEPH)000235446USA01 035 $a000235446 100 $a20050113d1972----km-y0itay0103----ba 101 $ager 102 $aDE 105 $a||||||||001yy 200 1 $aOffentlichkeit und Erfahrung$ezur Organisationsanalyse von burgerlicher und proletarischer Offentlichkeit$fOskar Negt, Alexander Kluge 210 $aFrankfurt am Main$cSuhrkamp$d1972 215 $a489 p.$cill.$d18 cm 225 2 $aEdition Suhrkamp$v639 410 0$12001$aEdition Suhrkamp$v639 454 1$12001 461 1$1001-------$12001 606 0 $aBorghesia$xOrganizzazioni$xPropaganda 606 0 $aProletariato$xPropaganda$xOrganizzazioni 676 $a324.73 700 1$aNEGT,$bOskar$0120514 701 1$aKLUGE,$bAlexander$0416400 801 0$aIT$bsalbc$gISBD 912 $a990002354460203316 951 $aColl. SV 639$b19364 E.C.$cColl. SV 959 $aBK 969 $aGIU 979 $aSIAV7$b10$c20050113$lUSA01$h0903 996 $aOffentlichkeit und Erfahrung$946761 997 $aUNISA LEADER 01208nam 2200409 450 001 9910818853003321 005 20220602190743.0 010 $a987-760-147-8 035 $a(CKB)4100000008151436 035 $a(MiAaPQ)EBC5757426 035 $a(MiAaPQ)EBC6802564 035 $a(Au-PeEL)EBL6802564 035 $a(OCoLC)1152951305 035 $a(FINmELB)ELB106356 035 $a(EXLCZ)994100000008151436 100 $a20220602d2018 uy 0 101 0 $aspa 135 $aurcnu|||||||| 181 $ctxt$2rdacontent/spa 182 $cc$2rdamedia/spa 183 $acr$2rdacarrier/spa 200 10$aDiversio?n, estudio y estilo $eidentidades juveniles en una escuela /$fOlga Grijalva Marti?nez 210 1$aCo?rdoba :$cEditorial Brujas,$d[2018] 210 4$dİ2018 215 $a1 recurso en li?nea (201 pa?ginas) 311 $a987-760-130-3 606 $aStudents$xConduct of life 615 0$aStudents$xConduct of life. 676 $a371.8 700 $aGrijalva Marti?nez$b Olga$01618775 801 0$bMiAaPQ 801 1$bMiAaPQ 801 2$bMiAaPQ 906 $aBOOK 912 $a9910818853003321 996 $aDiversio?n, estudio y estilo$93950680 997 $aUNINA